PR-SOF-2558-REMOTE CONTROL UNIT OF PATIENT BED (Record no. 615050)
[ view plain ]
| 000 -LEADER | |
|---|---|
| fixed length control field | 00433nam a22001337a 4500 |
| 040 ## - CATALOGING SOURCE | |
| Transcribing agency | NUST |
| 082 ## - DEWEY DECIMAL CLASSIFICATION NUMBER | |
| Classification number | 220 PRO |
| 100 ## - MAIN ENTRY--PERSONAL NAME | |
| Personal name | C Faran Naim TC Haseeb Arif TC Daiem Ayubi |
| 9 (RLIN) | 130899 |
| 110 ## - MAIN ENTRY--CORPORATE NAME | |
| Corporate name or jurisdiction name as entry element | Supervisor Dr. Atif Qayyum Dr Aqib Pervaiz Dr Rashid Naseer |
| 9 (RLIN) | 130900 |
| 245 ## - TITLE STATEMENT | |
| Title | PR-SOF-2558-REMOTE CONTROL UNIT OF PATIENT BED |
| 260 ## - PUBLICATION, DISTRIBUTION, ETC. | |
| Place of publication, distribution, etc. | ISLAMABAD: |
| Name of publisher, distributor, etc. | NUST COLLEGE OF EME, |
| Date of publication, distribution, etc. | 2025. |
| 650 ## - SUBJECT ADDED ENTRY--TOPICAL TERM | |
| Topical term or geographic name entry element | DE-ELECT-43 |
| 9 (RLIN) | 130873 |
| 942 ## - ADDED ENTRY ELEMENTS (KOHA) | |
| Source of classification or shelving scheme | |
| Koha item type | Project Report |
| Withdrawn status | Lost status | Source of classification or shelving scheme | Damaged status | Not for loan | Permanent Location | Current Location | Shelving location | Date acquired | Total Checkouts | Full call number | Barcode | Date last seen | Price effective from | Koha item type |
|---|---|---|---|---|---|---|---|---|---|---|---|---|---|---|
| College of Electrical & Mechanical Engineering (CEME) | College of Electrical & Mechanical Engineering (CEME) | Reference | 10/04/2025 | 220 PRO | PR-SOF-2558 | 10/04/2025 | 10/04/2025 | Project Report |
